| 000 | 00654cam a22002413a 4500 | ||
|---|---|---|---|
| 001 | 31547 | ||
| 003 | PGUSA | ||
| 005 | 20140828083701.0 | ||
| 008 | 100307s2010||||xxu|||||s|||||000 1 eng d | ||
| 040 |
_aPGUSA _beng |
||
| 042 | _adc | ||
| 050 | 4 | _aPS | |
| 100 | 1 |
_aAsimov, Isaac, _d1920-1992 |
|
| 245 | 1 | 0 |
_aYouth _h[electronic resource] / _cIsaac Asimov |
| 260 |
_bProject Gutenberg, _c2010 |
||
| 506 | _aPublic domain in the USA. | ||
| 516 | _aElectronic text | ||
| 653 | _aHuman-alien encounters -- Fiction | ||
| 653 | _aScience fiction | ||
| 830 | 0 |
_aProject Gutenberg _v31547 |
|
| 856 | 4 | 0 | _uhttp://www.gutenberg.org/ebooks/31547 |
| 942 | _cEB | ||
| 999 |
_c260802 _d260802 |
||